[Event "GER-ch U10"]
[Site "Willingen"]
[Date "2024.05.22"]
[Round "7"]
[White "Dutta, Nikhil"]
[Black "Romberg, Moritz"]
[Result "0-1"]
[WhiteElo "1283"]
[BlackElo "1054"]
[PlyCount "130"]
[EventDate "2024.05.19"]
[EventType "swiss"]
[EventRounds "11"]
[EventCountry "GER"]
[SourceTitle "CBM 220 Extra"]
[Source "ChessBase"]
[SourceDate "2024.07.31"]
[SourceVersion "1"]
[SourceVersionDate "2024.07.31"]
[SourceQuality "1"]

1. e4 e6 2. d4 d5 3. Nc3 Nf6 4. Bg5 Be7 5. e5 Nfd7 6. Bxe7 Qxe7 7. Nf3 Nc6 8. Bb5 f6 9. exf6 Qxf6 10. Qd2 a6 11. Bxc6 bxc6 12. 0-0-0 0-0 13. Rde1 c5 14. h4 c4 15. h5 Rb8 16. h6 g6 17. Nd1 c5 18. dxc5 Nxc5 19. Qe3 Ne4 20. Re2 Bd7 21. Qd4 Qxd4 22. Nxd4 e5 23. Nf3 Bg4 24. Ne3 Bxf3 25. gxf3 Rxf3 26. Nxd5 Nxf2 27. Rf1 Nd3+ 28. cxd3 Rxf1+ 29. Kc2 cxd3+ 30. Kxd3 Rf3+ 31. Ke4 Rf7 32. Rd2 Re8 33. Rc2 Rd8 34. Nc7 Rc8 35. Kxe5 Rcxc7 36. Rg2 Rf5+ 37. Kd4 Rb7 38. Rc2 Rb4+ 39. Ke3 Rh4 40. Rc8+ Rf8 41. Rc6 Ra8 42. a3 Rxh6 43. Rc4 Rh3+ 44. Kd2 Rf8 45. Kd1 Rh2 46. Ke1 Rxb2 47. Rc6 Rfb8 48. Rxa6 Ra2 49. Rd6 Rb1+ 50. Rd1 Rxd1+ 51. Kxd1 Rxa3 52. Kc2 Kf7 53. Kb2 Rh3 54. Kc2 Kf6 55. Kd2 Kf5 56. Ke2 Kf4 57. Kd2 Ke4 58. Kc2 Kd4 59. Kd2 Rh2+ 60. Ke1 Ke3 61. Kd1 Rg2 62. Kc1 Kd3 63. Kb1 Kc3 64. Ka1 Kb3 65. Kb1 Rg1# 0-1